[Event "World Championship (rapid) 2015"]
[Site "Berlin GER"]
[Date "2015.10.10"]
[Round "1"]
[White "Guliyev, Namig"]
[Black "Kramnik, Vladimir"]
[Result "1/2-1/2"]
[WhiteElo "2579"]
[BlackElo "2777"]
[PlyCount "109"]
[EventDate "2015.10.10"]

1. e4 e5 2. Nf3 Nc6 3. Bb5 Nf6 4. O-O Nxe4 5. Re1 Nd6 6. Nxe5 Be7 7. Bf1 Nf5 8.
Nf3 d5 9. d4 O-O 10. c3 Bd6 11. Nbd2 Re8 12. Rxe8+ Qxe8 13. Bd3 f6 14. Nf1 b6
15. Ng3 Nce7 16. Bd2 Qf7 17. Qc2 g6 18. Re1 Bd7 19. Qc1 Re8 20. Bf4 g5 21. Bxd6
Nxd6 22. h4 h6 23. hxg5 hxg5 24. Nh2 Nef5 25. Nxf5 Bxf5 26. Bxf5 Nxf5 27. Ng4
Kg7 28. Qd1 Re6 29. g3 Qe7 30. Rxe6 Qxe6 31. Qf3 Kg6 32. Qd3 Qe4 33. Qxe4 dxe4
34. Kg2 Nd6 35. Ne3 f5 36. Nd5 c5 37. dxc5 bxc5 38. b4 cxb4 39. cxb4 Kf7 40. f4
gxf4 41. gxf4 Nb5 42. Kf2 Ke6 43. Ne3 Nc3 44. a3 Nd5 45. Ng2 Kd6 46. Nh4 Ne7
47. Ke2 Kd5 48. Ke3 Kc4 49. Nxf5 Nxf5+ 50. Kxe4 Ne7 51. f5 Ng8 52. Ke5 Kb3 53.
Kd6 Kxa3 54. b5 Kb4 55. Kc6 1/2-1/2

[Event "World Championship (rapid) 2015"]
[Site "Berlin GER"]
[Date "2015.10.10"]
[Round "1"]
[White "Bocharov, Dmitry"]
[Black "Mamedyarov, Shakhriyar"]
[Result "1/2-1/2"]
[WhiteElo "2560"]
[BlackElo "2736"]
[PlyCount "75"]
[EventDate "2015.10.10"]

1. Nf3 Nf6 2. g3 g6 3. Bg2 Bg7 4. c4 O-O 5. d4 d6 6. Nc3 Nbd7 7. O-O e5 8. e4
exd4 9. Nxd4 Re8 10. h3 a6 11. Be3 Rb8 12. Rc1 c5 13. Nde2 Ne5 14. b3 b5 15. f4
Ned7 16. Qd3 Bb7 17. g4 b4 18. Nd5 Nxd5 19. cxd5 a5 20. Ng3 a4 21. Rf2 Ra8 22.
e5 axb3 23. axb3 dxe5 24. f5 Ra3 25. Ne4 Ba6 26. Qb1 c4 27. fxg6 hxg6 28. Bg5
Qa5 29. bxc4 Bxc4 30. Nd6 Bd3 31. Qb2 Rf8 32. Qd2 e4 33. Nxe4 b3 34. Qxd3 b2
35. Qd1 bxc1=Q 36. Bxc1 Ra1 37. Rc2 Nf6 38. Nf2 1/2-1/2

[Event "World Championship (rapid) 2015"]
[Site "Berlin GER"]
[Date "2015.10.10"]
[Round "1"]
[White "Rublevsky, Sergei"]
[Black "Anton Guijarro, David"]
[Result "0-1"]
[WhiteElo "2702"]
[BlackElo "2634"]
[PlyCount "88"]
[EventDate "2015.10.10"]

1. e4 c5 2. Nf3 d6 3. Bb5+ Nd7 4. O-O a6 5. Bxd7+ Bxd7 6. d4 cxd4 7. Qxd4 e5 8.
Qd3 Rc8 9. c4 Qc7 10. b3 b5 11. Na3 Qb7 12. Bg5 h6 13. Bh4 g5 14. Bg3 Nf6 15.
Nd2 Be7 16. Nc2 h5 17. f3 h4 18. Bf2 g4 19. fxg4 Nxg4 20. Ne3 h3 21. g3 Be6 22.
Rac1 Nxe3 23. Bxe3 Rg8 24. Rc2 f5 25. cxb5 axb5 26. Rxc8+ Bxc8 27. a4 Bd7 28.
axb5 Bxb5 29. Nc4 Qxe4 30. Qxe4 fxe4 31. Ra1 Kd7 32. Ra5 Bxc4 33. bxc4 Rf8 34.
Ra1 Ke6 35. Re1 Rc8 36. Rc1 Ra8 37. Rc2 Ra1+ 38. Rc1 Ra2 39. Bf2 Bg5 40. Re1
Kf5 41. Bb6 Rg2+ 42. Kh1 Rc2 43. Bc7 Ke6 44. Rd1 Be7 0-1

[Event "World Championship (rapid) 2015"]
[Site "Berlin GER"]
[Date "2015.10.10"]
[Round "1"]
[White "Jumabayev, Rinat"]
[Black "Vachier-Lagrave, Maxime"]
[Result "0-1"]
[WhiteElo "2606"]
[BlackElo "2758"]
[PlyCount "77"]
[EventDate "2015.10.10"]

1. d4 Nf6 2. Nf3 g6 3. g3 Bg7 4. Bg2 O-O 5. c4 c6 6. O-O d5 7. Qb3 Qb6 8. Nc3
Rd8 9. Rd1 Bf5 10. Ne1 dxc4 11. Qxc4 Na6 12. e4 Be6 13. Qa4 Qb4 14. Qxb4 Nxb4
15. h3 Ne8 16. Be3 Nd6 17. a3 Na6 18. Nf3 Bb3 19. Rdc1 Nc4 20. Bg5 f6 21. Bf4
e5 22. dxe5 fxe5 23. Bg5 Rd7 24. Bf1 Rf8 25. Nh2 Nc5 26. Na4 Nxa4 27. Bxc4+
Bxc4 28. Rxc4 Nxb2 29. Rc2 Na4 30. Rb1 Rff7 31. Be3 Rd3 32. Bxa7 Rxa3 33. Rd1
h6 34. Rd8+ Kh7 35. Kg2 b5 36. Bc5 Rc3 37. Rxc3 Nxc3 38. f3 Rb7 39. Rd2 0-1

[Event "World Championship (rapid) 2015"]
[Site "Berlin GER"]
[Date "2015.10.10"]
[Round "1"]
[White "Gelfand, Boris"]
[Black "Khismatullin, Denis"]
[Result "1/2-1/2"]
[WhiteElo "2741"]
[BlackElo "2651"]
[PlyCount "155"]
[EventDate "2015.10.10"]

1. d4 Nf6 2. c4 e6 3. Nf3 d5 4. Nc3 Nbd7 5. Bf4 dxc4 6. e3 Bd6 7. Bg5 a6 8. a4
h6 9. Bh4 b6 10. Bxc4 Bb7 11. Qe2 c5 12. d5 exd5 13. Bxd5 Bxd5 14. Nxd5 g5 15.
Bg3 Bxg3 16. Nxf6+ Qxf6 17. hxg3 Ne5 18. Nxe5 Qxe5 19. Qf3 Rd8 20. Qc6+ Kf8 21.
Qxb6 Rb8 22. Qxa6 Kg7 23. Rd1 Rxb2 24. O-O Rc2 25. Qc6 Rb8 26. a5 Ra2 27. a6
Rbb2 28. Rd7 Qf5 29. Rd5 Qf6 30. Rd6 Qf5 31. g4 Qe5 32. Rd5 Qf6 33. Qxf6+ Kxf6
34. Rf5+ Kg6 35. Rxc5 Rxa6 36. Rd1 Rf6 37. Rf1 Re2 38. g3 h5 39. gxh5+ Kxh5 40.
Kg2 Kg6 41. g4 Ra2 42. Kg3 Re2 43. Re5 Ra2 44. f4 gxf4+ 45. exf4 Ra3+ 46. Kh4
Kg7 47. g5 Rc6 48. Re7 Rc4 49. Kg4 Raa4 50. Rd7 Rab4 51. Rd6 Ra4 52. Rf6 Rcb4
53. Rd1 Rd4 54. Rxd4 Rxd4 55. Ra6 Rb4 56. Rd6 Ra4 57. Kf5 Ra5+ 58. Ke4 Ra4+ 59.
Kf3 Ra3+ 60. Kg4 Ra4 61. Rd5 Rb4 62. Kf3 Ra4 63. f5 Rb4 64. Rd7 Rb5 65. Ke4
Rb4+ 66. Ke5 Rb5+ 67. Rd5 Rb1 68. Rd3 Rb5+ 69. Ke4 Ra5 70. Rd4 Ra1 71. Ke5 Ra5+
72. Kf4 Ra1 73. Rd8 Rf1+ 74. Kg4 Rg1+ 75. Kh5 Rh1+ 76. Kg4 Rg1+ 77. Kf4 Rf1+
78. Ke4 1/2-1/2

[Event "World Championship (rapid) 2015"]
[Site "Berlin GER"]
[Date "2015.10.10"]
[Round "1"]
[White "Vovk, Yuri"]
[Black "Dominguez Perez, Leinier"]
[Result "0-1"]
[WhiteElo "2617"]
[BlackElo "2732"]
[PlyCount "248"]
[EventDate "2015.10.10"]

1. d4 Nf6 2. c4 e6 3. Nf3 Bb4+ 4. Bd2 Bxd2+ 5. Qxd2 d5 6. g3 c6 7. Bg2 Nbd7 8.
O-O O-O 9. Rc1 b6 10. b4 Bb7 11. a4 a5 12. bxa5 Rxa5 13. Qb2 dxc4 14. Nbd2 Ba6
15. Nxc4 Bxc4 16. Rxc4 c5 17. Nd2 cxd4 18. Nb3 Ra6 19. Nxd4 Nc5 20. Nc6 Qd6 21.
Qb5 Rfa8 22. Rd4 Qc7 23. a5 Nb7 24. Rad1 bxa5 25. Nb8 Rd6 26. Qxb7 Qxb7 27.
Rxd6 Qxb8 28. Bxa8 Nd5 29. Ra6 Nc3 30. Rd2 g6 31. Rxa5 Qb6 32. Ra1 e5 33. Rc1
Qa5 34. Bg2 Qa3 35. Re1 Qb4 36. Rc2 Nb5 37. Rf1 Nd4 38. Rc8+ Kg7 39. e3 Ne2+
40. Kh1 Qd2 41. Rc7 Nc3 42. Bf3 e4 43. Bg2 h5 44. h4 Kg8 45. Kg1 Ne2+ 46. Kh2
Nc3 47. Rc4 Kg7 48. Rd4 Qc2 49. Rd7 Qa4 50. Rc7 Nd5 51. Rc5 Nf6 52. Kg1 Qa2 53.
Bh3 Qd2 54. Rc4 Qe2 55. Rd4 Qc2 56. Ra1 Qb2 57. Ra7 Qb6 58. Raa4 Qc5 59. Rac4
Qb6 60. Rd1 Qa5 61. Rdc1 Qd2 62. R4c2 Qb4 63. Rd1 Qa5 64. Rc4 Qe5 65. Bg2 Qf5
66. Rd2 Qb5 67. Rc1 Qb4 68. Rd4 Qb2 69. Rf1 Qc2 70. Bh3 Qb2 71. Rc4 Qb5 72.
Rfc1 Qb2 73. R4c2 Qa3 74. Rd1 Qa5 75. Kg2 Qa4 76. Rcd2 Qa5 77. Rd4 Qb5 78. Rc1
Qa5 79. Rb1 Qa6 80. Rb2 Kg8 81. Rbb4 Kg7 82. Ra4 Qb6 83. Rdb4 Qd6 84. Rb7 Qd5
85. Raa7 Kg8 86. Rxf7 Qxf7 87. Rxf7 Kxf7 88. Kf1 Ke7 89. Ke2 Kd6 90. Kd2 Ng4
91. Ke2 Ke5 92. Ke1 Kd5 93. Bf1 Ne5 94. Ba6 Kc6 95. Ke2 Kb6 96. Bc8 Kc6 97. Be6
Kd6 98. Ba2 Kc5 99. Kd2 Kd6 100. Kc3 Ng4 101. Bf7 Ne5 102. Be8 Kd5 103. Kd2 Ke6
104. Bb5 Kd6 105. Ba4 Kc5 106. Bc2 Kd5 107. Bd1 Kc5 108. Bb3 Kd6 109. Bg8 Ng4
110. Bh7 Ne5 111. Kc3 Kc5 112. Kb3 Kd5 113. Kb4 Ke6 114. Bg8+ Kf5 115. Kc5 Ng4
116. Kd4 Nxf2 117. Bd5 Kg4 118. Bf7 Kxg3 119. Bxg6 Kxh4 120. Ke5 Kg4 121. Bf5+
Kg3 122. Kd4 h4 123. Kc3 h3 124. Bxh3 Nxh3 0-1

[Event "World Championship (rapid) 2015"]
[Site "Berlin GER"]
[Date "2015.10.10"]
[Round "1"]
[White "Agrest, Evgenij"]
[Black "Nguyen, Ngoc Truong Son"]
[Result "0-1"]
[WhiteElo "2596"]
[BlackElo "2634"]
[PlyCount "82"]
[EventDate "2015.10.10"]

1. Nf3 Nf6 2. c4 g6 3. Nc3 Bg7 4. g3 c6 5. d4 d5 6. Qb3 O-O 7. Bg2 Qb6 8. O-O
Rd8 9. c5 Qxb3 10. axb3 Na6 11. Bd2 Nd7 12. Bg5 f6 13. Be3 e5 14. Na4 Nf8 15.
Rfd1 Bg4 16. h3 Bxf3 17. Bxf3 Ne6 18. dxe5 fxe5 19. Bg4 Kf7 20. f4 d4 21. Bxe6+
Kxe6 22. Bf2 exf4 23. gxf4 Rd5 24. Rac1 Kf5 25. Bg3 Re8 26. Kf2 Re3 27. Rd3
Rxd3 28. exd3 Rd7 29. Kf3 Nb4 30. Rd1 Re7 31. Bf2 Bf6 32. Bg1 h5 33. Bf2 Nd5
34. b4 Nxf4 35. h4 Nh3 36. Rf1 Nxf2 37. Kxf2 Bxh4+ 38. Kg2+ Kg4 39. Rf8 Bg5 40.
Ra8 h4 41. Rh8 Bf4 0-1

[Event "World Championship (rapid) 2015"]
[Site "Berlin GER"]
[Date "2015.10.10"]
[Round "1"]
[White "Shchekachev, Andrei"]
[Black "Svidler, Peter"]
[Result "1/2-1/2"]
[WhiteElo "2531"]
[BlackElo "2727"]
[PlyCount "31"]
[EventDate "2015.10.10"]

1. Nf3 d5 2. d4 Bf5 3. c4 e6 4. Nc3 Nf6 5. cxd5 exd5 6. Qb3 Nc6 7. Bg5 Be7 8.
Bxf6 Bxf6 9. e3 Ne7 10. Qxb7 O-O 11. Be2 Qd6 12. Qa6 Qb4 13. Qb5 Qd6 14. Qa6
Qb4 15. Qb5 Qd6 16. Qa6 1/2-1/2

[Event "World Championship (rapid) 2015"]
[Site "Berlin GER"]
[Date "2015.10.10"]
[Round "1"]
[White "Bacrot, Etienne"]
[Black "Rasmussen, Allan Stig"]
[Result "1-0"]
[WhiteElo "2697"]
[BlackElo "2498"]
[PlyCount "61"]
[EventDate "2015.10.10"]

1. d4 d5 2. c4 dxc4 3. e3 e6 4. Bxc4 Nf6 5. Nf3 c5 6. O-O a6 7. Bb3 cxd4 8.
exd4 Nc6 9. Nc3 Be7 10. Re1 O-O 11. Bg5 Na5 12. Bc2 b5 13. Qd3 g6 14. Ne5 Bb7
15. Bh6 Re8 16. Qh3 Qd6 17. Rad1 Rac8 18. Bf4 Qb6 19. Bd3 Bf8 20. Bg5 Bg7 21.
Bxf6 Bxf6 22. Nxf7 Kxf7 23. Qxh7+ Kf8 24. Ne4 Rc7 25. Qxg6 Bxd4 26. Nf6 Bxf6
27. Qxf6+ Rf7 28. Qh8+ Ke7 29. Qh4+ Rf6 30. Bg6 Rg8 31. Qb4+ 1-0

[Event "World Championship (rapid) 2015"]
[Site "Berlin GER"]
[Date "2015.10.10"]
[Round "1"]
[White "Tomashevsky, Evgeny"]
[Black "Milanovic, Danilo"]
[Result "1-0"]
[WhiteElo "2758"]
[BlackElo "2469"]
[PlyCount "75"]
[EventDate "2015.10.10"]

1. Nf3 Nf6 2. c4 c5 3. g3 b6 4. Bg2 Bb7 5. O-O g6 6. b3 Bg7 7. Bb2 O-O 8. Nc3
Ne4 9. d4 Nxc3 10. Bxc3 Be4 11. Qd2 d6 12. Qe3 Bb7 13. d5 Bxc3 14. Qxc3 b5 15.
e4 bxc4 16. bxc4 Nd7 17. Rfe1 f6 18. Bh3 Ne5 19. Nxe5 dxe5 20. Rab1 Qc7 21. Qa3
Bc8 22. Bxc8 Rfxc8 23. Rb5 Rab8 24. Reb1 Rb6 25. R1b3 Kf8 26. Kg2 Rcb8 27. Qa5
Qb7 28. h4 Kf7 29. Rxc5 Rxb3 30. axb3 Qxb3 31. Qxa7 Qd3 32. Rc7 Qxe4+ 33. Kh2
Re8 34. d6 Qf5 35. Rxe7+ Rxe7 36. Qxe7+ Kg8 37. Qa7 h5 38. d7 1-0

[Event "World Championship (rapid) 2015"]
[Site "Berlin GER"]
[Date "2015.10.10"]
[Round "1"]
[White "Pavlovic, Milos"]
[Black "Ponomariov, Ruslan"]
[Result "0-1"]
[WhiteElo "2481"]
[BlackElo "2710"]
[PlyCount "112"]
[EventDate "2015.10.10"]

1. e4 c5 2. Nf3 d6 3. Bb5+ Nd7 4. c3 Ngf6 5. Qe2 a6 6. Ba4 b5 7. Bc2 Bb7 8. O-O
Rc8 9. d3 e6 10. Ng5 h6 11. Nh3 g6 12. f4 Bg7 13. f5 O-O 14. fxe6 fxe6 15. Nd2
g5 16. Bb3 Qe8 17. Nf2 Ne5 18. a4 Kh8 19. axb5 axb5 20. Ra7 Rb8 21. Rd1 Nh5 22.
Nf1 Qg6 23. Ng4 Nc6 24. Ra1 Nf4 25. Bxf4 gxf4 26. Kh1 b4 27. Rac1 bxc3 28. bxc3
h5 29. Nf2 Ne5 30. Nd2 Ng4 31. Nf3 Ba6 32. Bc4 Bxc4 33. dxc4 Rb6 34. Nd3 Ne3
35. Nxf4 Rxf4 36. Qxe3 Qxe4 37. Qf2 Qxc4 38. h3 Rf6 39. Rb1 Rxb1 40. Rxb1 Qf4
41. Qe2 e5 42. Nd2 Qf5 43. Ne4 d5 44. Rb8+ Rf8 45. Nd6 Qe6 46. Qxh5+ Kg8 47.
Rxf8+ Bxf8 48. Nf5 e4 49. Qg4+ Kf7 50. Qf4 Be7 51. g4 Bf6 52. g5 Be5 53. Qg4
Qa6 54. Qh5+ Kf8 55. Qd1 Qd3 56. Qg4 Qf1+ 0-1

[Event "World Championship (rapid) 2015"]
[Site "Berlin GER"]
[Date "2015.10.10"]
[Round "1"]
[White "Morozevich, Alexander"]
[Black "Bluebaum, Matthias"]
[Result "1-0"]
[WhiteElo "2711"]
[BlackElo "2588"]
[PlyCount "59"]
[EventDate "2015.10.10"]

1. e4 e6 2. d4 d5 3. Nc3 Nf6 4. e5 Nfd7 5. Nce2 c5 6. c3 Nc6 7. Nf3 Qb6 8. a3
a5 9. h4 cxd4 10. cxd4 f6 11. exf6 Nxf6 12. Nc3 Bd6 13. Nb5 Bb8 14. a4 O-O 15.
Be2 e5 16. dxe5 Nxe5 17. Be3 Qd8 18. Nxe5 Bxe5 19. Bd4 Bxd4 20. Qxd4 Qe7 21.
Nc3 Bg4 22. f3 Bd7 23. O-O-O Rac8 24. Rhe1 Rxc3+ 25. bxc3 Qa3+ 26. Kd2 Bxa4 27.
Rb1 Re8 28. c4 Kh8 29. c5 Rc8 30. Ra1 1-0

[Event "World Championship (rapid) 2015"]
[Site "Berlin GER"]
[Date "2015.10.10"]
[Round "1"]
[White "Naumann, Alexander"]
[Black "Riazantsev, Alexander"]
[Result "1/2-1/2"]
[WhiteElo "2545"]
[BlackElo "2646"]
[PlyCount "42"]
[EventDate "2015.10.10"]

1. d4 Nf6 2. c4 e6 3. g3 d5 4. Nf3 Bb4+ 5. Bd2 Be7 6. Bg2 c6 7. Qc2 b6 8. O-O
Bb7 9. Bf4 Nbd7 10. Rd1 O-O 11. Ne5 Nh5 12. Bc1 Nhf6 13. Bf4 Nh5 14. Bc1 Nhf6
15. Bf4 Nh5 16. Bc1 Nhf6 17. Bf4 Qc8 18. Nc3 Nh5 19. Bc1 Nhf6 20. Bf4 Nh5 21.
Bc1 Nhf6 1/2-1/2

[Event "World Championship (rapid) 2015"]
[Site "Berlin GER"]
[Date "2015.10.10"]
[Round "1"]
[White "Wojtaszek, Radoslaw"]
[Black "Godena, Michele"]
[Result "1-0"]
[WhiteElo "2734"]
[BlackElo "2513"]
[PlyCount "103"]
[EventDate "2015.10.10"]

1. d4 d5 2. c4 dxc4 3. e4 Nc6 4. Nf3 Bg4 5. d5 Ne5 6. Bf4 Ng6 7. Be3 Nf6 8.
Bxc4 e5 9. Nc3 Nh4 10. Rg1 a6 11. Be2 Ng6 12. Nd2 Bd7 13. g3 Bd6 14. h4 h6 15.
a3 b5 16. b4 c6 17. Nb3 O-O 18. dxc6 Bxc6 19. Bf3 Rc8 20. Rc1 Re8 21. Nc5 a5
22. Qb3 axb4 23. axb4 Qe7 24. Ke2 Nf8 25. Rgd1 Bxc5 26. Bxc5 Qb7 27. Nd5 Bxd5
28. exd5 e4 29. Bg2 N8d7 30. Bh3 Rcd8 31. Bd4 Ne5 32. Bxe5 Rxe5 33. d6 e3 34.
f4 Rd5 35. Rxd5 Qxd5 36. Qxd5 Nxd5 37. d7 Kf8 38. Rc5 Nxb4 39. Kxe3 Na6 40.
Rxb5 Nb8 41. Rb7 Ke7 42. f5 f6 43. Bf1 Nxd7 44. Bb5 Kd6 45. Kf4 h5 46. Ra7 Ne5
47. Rxg7 Rb8 48. Be2 Rb4+ 49. Ke3 Rb3+ 50. Kd4 Ng4 51. Bc4 Rxg3 52. Bb5 1-0

[Event "World Championship (rapid) 2015"]
[Site "Berlin GER"]
[Date "2015.10.10"]
[Round "2"]
[White "Khairullin, Ildar"]
[Black "Grischuk, Alexander"]
[Result "1/2-1/2"]
[WhiteElo "2652"]
[BlackElo "2774"]
[PlyCount "53"]
[EventDate "2015.10.10"]

1. d4 Nf6 2. c4 g6 3. Nc3 Bg7 4. e4 d6 5. Nf3 O-O 6. h3 e5 7. d5 Nh5 8. g3 Qe7
9. Nh2 Na6 10. Be2 f5 11. exf5 Rxf5 12. Ng4 Rf8 13. h4 Nf4 14. Bf1 Nc5 15. Ne3
a5 16. Qc2 Bd7 17. Ne4 b6 18. Bd2 Ba4 19. b3 Bd7 20. Bc3 Nh5 21. Be2 Bh6 22.
Ng4 Bg7 23. Nxc5 bxc5 24. O-O Nf6 25. Nxf6+ Qxf6 26. Bd3 a4 27. Be4 1/2-1/2

[Event "World Championship (rapid) 2015"]
[Site "Berlin GER"]
[Date "2015.10.10"]
[Round "2"]
[White "Ivanchuk, Vassily"]
[Black "Malakhov, Vladimir"]
[Result "1/2-1/2"]
[WhiteElo "2726"]
[BlackElo "2694"]
[PlyCount "101"]
[EventDate "2015.10.10"]

1. c4 Nf6 2. Nc3 e5 3. g3 Bb4 4. Nf3 Bxc3 5. bxc3 d6 6. Bg2 O-O 7. O-O Nc6 8.
Qc2 h6 9. d3 Be6 10. Rb1 Qc8 11. e4 Bh3 12. Nh4 Bxg2 13. Kxg2 b6 14. f4 exf4
15. Nf5 Qe6 16. gxf4 Ne7 17. Ng3 Nc6 18. Be3 Rae8 19. Rbe1 Nh7 20. f5 Qe7 21.
Qe2 Ne5 22. Kh1 Kh8 23. Nh5 Nf6 24. Nf4 Kh7 25. Qg2 Rg8 26. Qe2 g5 27. Ng2 Nfd7
28. Bd4 f6 29. Ne3 c6 30. Rg1 Qf7 31. Rg3 h5 32. a4 h4 33. Rg2 Nc5 34. Bxe5
dxe5 35. Ng4 Rd8 36. Rd1 Rd6 37. d4 Rgd8 38. d5 Nxa4 39. Ra1 Nc5 40. Rgg1 cxd5
41. cxd5 a6 42. Rgb1 a5 43. Rb5 Rc8 44. c4 Nd7 45. Ne3 Rc5 46. Rab1 Kg7 47. Kg2
Qe8 48. h3 Qf7 49. R1b2 Qe8 50. Rb1 Qf7 51. R1b2 1/2-1/2

[Event "World Championship (rapid) 2015"]
[Site "Berlin GER"]
[Date "2015.10.10"]
[Round "2"]
[White "Karjakin, Sergey"]
[Black "Gajewski, Grzegorz"]
[Result "1-0"]
[WhiteElo "2762"]
[BlackElo "2654"]
[PlyCount "85"]
[EventDate "2015.10.10"]

1. d4 Nf6 2. Bf4 d5 3. e3 c5 4. dxc5 e6 5. b4 Nc6 6. Bb5 Bd7 7. c3 a5 8. Qb3
Ne4 9. Ne2 g5 10. Bxc6 Bxc6 11. Be5 f6 12. Bg3 h5 13. f3 h4 14. fxe4 hxg3 15.
Nxg3 Qc7 16. O-O O-O-O 17. Nd2 Be7 18. Nf3 g4 19. Nd4 Rxh2 20. Rf4 Rdh8 21.
Nxe6 Qe5 22. Nd4 f5 23. Ndxf5 Bg5 24. Rxg4 Bh4 25. Kxh2 Bxg3+ 26. Kg1 Bh2+ 27.
Kf2 Rf8 28. Ke2 Bb5+ 29. Kd2 Kb8 30. Qxd5 axb4 31. Qxe5+ Bxe5 32. Rc1 bxc3+ 33.
Rxc3 Bxc3+ 34. Kxc3 Bd7 35. Rg5 Kc7 36. Rg7 Ra8 37. e5 Ra3+ 38. Kb2 Ra6 39. Nd4
Kd8 40. g4 Ra5 41. e6 Be8 42. Rxb7 Rxc5 43. Rb8+ 1-0

[Event "World Championship (rapid) 2015"]
[Site "Berlin GER"]
[Date "2015.10.10"]
[Round "2"]
[White "Onischuk, Alexander"]
[Black "Anand, Viswanathan"]
[Result "0-1"]
[WhiteElo "2662"]
[BlackElo "2803"]
[PlyCount "106"]
[EventDate "2015.10.10"]

1. d4 d5 2. c4 c6 3. Nc3 Nf6 4. Nf3 e6 5. Bg5 h6 6. Bh4 dxc4 7. e4 g5 8. Bg3 b5
9. Be2 Bb7 10. Ne5 Nbd7 11. Qc2 Bg7 12. h4 Qe7 13. hxg5 hxg5 14. Rxh8+ Bxh8 15.
Nxd7 Nxd7 16. e5 Kf8 17. O-O-O c5 18. dxc5 Nxc5 19. Nxb5 Be4 20. Qc3 Nd3+ 21.
Bxd3 Bxd3 22. Nd6 Qxd6 23. exd6 Bxc3 24. bxc3 Ke8 25. Rd2 Kd7 26. Rb2 Be4 27.
Rb5 f6 28. f3 Bc6 29. Ra5 e5 30. Bf2 Kxd6 31. Bc5+ Ke6 32. Ra6 Rc8 33. Bxa7 Kd6
34. Ra5 f5 35. Bc5+ Ke6 36. Ra6 f4 37. a4 Kf5 38. Bd6 e4 39. fxe4+ Bxe4 40.
Ra5+ Kg4 41. Be7 Rg8 42. Kd2 Bxg2 43. Ke2 Be4 44. Re5 Bf5 45. a5 Rh8 46. Rc5
Rh2+ 47. Ke1 Rh6 48. Bd8 Rd6 49. Bc7 Re6+ 50. Re5 Rxe5+ 51. Bxe5 Bc8 52. Kf2
Kf5 53. Bc7 g4 0-1

[Event "World Championship (rapid) 2015"]
[Site "Berlin GER"]
[Date "2015.10.10"]
[Round "2"]
[White "Mamedyarov, Shakhriyar"]
[Black "Safarli, Eltaj"]
[Result "1/2-1/2"]
[WhiteElo "2736"]
[BlackElo "2657"]
[PlyCount "82"]
[EventDate "2015.10.10"]

1. d4 Nf6 2. c4 e6 3. Nc3 Bb4 4. Nf3 b6 5. e3 Bb7 6. Bd3 O-O 7. O-O Bxc3 8.
bxc3 d6 9. a4 a5 10. Re1 Ne4 11. Qc2 f5 12. d5 Na6 13. Nd4 Nac5 14. Ba3 Nxd3
15. Qxd3 exd5 16. f3 Nc5 17. Bxc5 dxc5 18. Ne6 dxc4 19. Qb1 Qf6 20. Nxf8 Rxf8
21. Qc2 Re8 22. Rad1 Bc6 23. Re2 h6 24. h3 Qg5 25. Kh1 Qf6 26. Kg1 Qg5 27. e4
fxe4 28. fxe4 Re5 29. Qa2 Qe7 30. Qxc4+ Qe6 31. Qxe6+ Rxe6 32. Ra1 Kf7 33. e5
Re8 34. Kf2 Ke6 35. Ke3 Rd8 36. g4 Rd5 37. h4 c4 38. Kf2 Rd3 39. Re3 Rd2+ 40.
Re2 Rd3 41. Re3 Rd2+ 1/2-1/2

[Event "World Championship (rapid) 2015"]
[Site "Berlin GER"]
[Date "2015.10.10"]
[Round "2"]
[White "Vachier-Lagrave, Maxime"]
[Black "Bachmann, Axel"]
[Result "1/2-1/2"]
[WhiteElo "2758"]
[BlackElo "2593"]
[PlyCount "70"]
[EventDate "2015.10.10"]

1. e4 e5 2. Nf3 Nc6 3. Bb5 a6 4. Ba4 Nf6 5. O-O b5 6. Bb3 Bc5 7. c3 d6 8. d4
Bb6 9. Be3 O-O 10. Nbd2 h6 11. h3 Re8 12. Re1 Bb7 13. d5 Ne7 14. Bxb6 cxb6 15.
Nh4 g5 16. Nf5 Nxf5 17. exf5 Rc8 18. Ne4 Nxe4 19. Rxe4 Qf6 20. Qf3 Rc5 21. Rd1
Bc8 22. g4 Bd7 23. Kg2 Kg7 24. h4 gxh4 25. Rh1 Rg8 26. Kf1 Kf8 27. Qh3 h5 28.
f3 hxg4 29. fxg4 Rh8 30. Qe3 Rg8 31. Ke1 Bc8 32. Qf2 Rh8 33. Qe3 Rg8 34. Qf2
Rh8 35. Qe3 Rg8 1/2-1/2

[Event "World Championship (rapid) 2015"]
[Site "Berlin GER"]
[Date "2015.10.10"]
[Round "2"]
[White "Dominguez Perez, Leinier"]
[Black "Socko, Bartosz"]
[Result "1/2-1/2"]
[WhiteElo "2732"]
[BlackElo "2599"]
[PlyCount "142"]
[EventDate "2015.10.10"]

1. e4 e6 2. d4 d5 3. Nd2 c5 4. Ngf3 cxd4 5. Nxd4 Nc6 6. Bb5 Bd7 7. Nxc6 Bxc6 8.
Bxc6+ bxc6 9. c4 dxe4 10. Nxe4 Qxd1+ 11. Kxd1 Nf6 12. Re1 O-O-O+ 13. Kc2 Nxe4
14. Rxe4 Bc5 15. Be3 Bxe3 16. fxe3 Rd7 17. Rd1 Rxd1 18. Kxd1 Kd7 19. Re5 Rd8
20. Kc2 Kc7 21. b4 Re8 22. a4 a6 23. g4 f6 24. Rh5 h6 25. Rc5 Kb7 26. Kd3 Rd8+
27. Ke2 Rd6 28. h4 Rd8 29. a5 Rc8 30. h5 Rc7 31. Kd3 Rd7+ 32. Kc2 Rc7 33. Kc3
Re7 34. b5 cxb5 35. cxb5 axb5 36. Rxb5+ Ka6 37. Rc5 Rd7 38. Kb4 Rb7+ 39. Kc4
Rd7 40. Rc6+ Kxa5 41. Rxe6 Rb7 42. Kd5 Rb4 43. Re4 Rb5+ 44. Kc6 Rb6+ 45. Kc7
Rb5 46. Rf4 Rb3 47. e4 Rd3 48. Kc6 Rd4 49. Kc5 Rd7 50. Rf1 Ka4 51. Kc4 Ka5 52.
Kc5 Ka4 53. Re1 Kb3 54. e5 fxe5 55. Rxe5 Kc3 56. Re3+ Kd2 57. Re6 Kd3 58. Kc6
Ra7 59. Kb6 Rf7 60. Kc5 Ra7 61. Kd6 Kd4 62. Re1 g6 63. Ke6 gxh5 64. gxh5 Ra5
65. Rh1 Ke4 66. Kf6 Rg5 67. Rf1 Rxh5 68. Kg6 Rh2 69. Ra1 h5 70. Ra4+ Kf3 71.
Ra3+ Kg4 1/2-1/2

[Event "World Championship (rapid) 2015"]
[Site "Berlin GER"]
[Date "2015.10.10"]
[Round "2"]
[White "Seirawan, Yasser"]
[Black "Leko, Peter"]
[Result "1/2-1/2"]
[WhiteElo "2620"]
[BlackElo "2707"]
[PlyCount "58"]
[EventDate "2015.10.10"]

1. d4 Nf6 2. c4 e6 3. Nc3 Bb4 4. Qc2 O-O 5. a3 Bxc3+ 6. Qxc3 d5 7. Nf3 dxc4 8.
Qxc4 b6 9. Bg5 Ba6 10. Qa4 Qd7 11. Qxd7 Nbxd7 12. Bxf6 Nxf6 13. Rc1 Rac8 14. e3
Bb7 15. Bb5 c6 16. Bd3 c5 17. dxc5 Bxf3 18. gxf3 Rxc5 19. Rxc5 bxc5 20. Kd2 Rb8
21. Kc2 Kf8 22. Rg1 g6 23. Rg5 Nd7 24. Be2 Ke7 25. Rg1 Nb6 26. b3 Nc8 27. Rg4
Nb6 28. Rg1 Rd8 29. f4 Rc8 1/2-1/2

[Event "World Championship (rapid) 2015"]
[Site "Berlin GER"]
[Date "2015.10.10"]
[Round "2"]
[White "Nguyen, Ngoc Truong Son"]
[Black "Sasikiran, Krishnan"]
[Result "1-0"]
[WhiteElo "2634"]
[BlackElo "2639"]
[PlyCount "127"]
[EventDate "2015.10.10"]

1. e4 e5 2. Nf3 Nc6 3. Bb5 a6 4. Ba4 Nf6 5. O-O Be7 6. Re1 b5 7. Bb3 d6 8. c3
O-O 9. d3 Na5 10. Bc2 c5 11. Nbd2 Nc6 12. Nf1 Re8 13. Bg5 h6 14. Bd2 Bf8 15. a4
Be6 16. Ng3 d5 17. Nh4 dxe4 18. dxe4 b4 19. cxb4 Nxb4 20. Nf3 Bg4 21. Bc3 Qc7
22. Qe2 Nc6 23. Bd3 Qb7 24. Qf1 Nd4 25. Nd2 Be6 26. Red1 g6 27. Nc4 Nd7 28. f4
exf4 29. Qxf4 Qb8 30. Qxb8 Rexb8 31. Ne2 Bg7 32. Nf4 Bg4 33. Rf1 Ne5 34. Nxe5
Bxe5 35. Bc4 Bxf4 36. Rxf4 Be6 37. Bxd4 Bxc4 38. Bf6 Be6 39. a5 g5 40. Rf2 Kh7
41. h3 Rb4 42. Re1 Kg6 43. Bc3 Rb7 44. Rd1 Kh7 45. Rd6 h5 46. Rfd2 Rbb8 47. Rc6
Rc8 48. Rb6 Rcb8 49. Rdd6 Rxb6 50. axb6 Rb8 51. Rc6 Rb7 52. Bf6 Kg6 53. Bd8 g4
54. hxg4 hxg4 55. Bc7 c4 56. Kf2 Kf6 57. Ke3 Ke7 58. g3 a5 59. Kd4 a4 60. Kc3
Ke8 61. Rd6 Ke7 62. e5 f6 63. Bd8+ Kf7 64. exf6 1-0